Tazyīn al-aswāq bi-tafṣīl ashwāq al-ʻushshāq

محفوظ في:

المؤلف الرئيسي: Dāʼūd ibn ʻUmar Anṭākī, Muḥammad Tūnjī.

مؤلفون آخرون: taṣnīf Dāwūd al-Anṭākī al-Ḍarīr ; taḥqīq wa-sharḥ Muḥammad al-Tūnjī..

التنسيق: كتاب

اللغة: Undetermined

منشور في: Bayrūt : Ālam al-Kutub,, 1885.

الموضوعات:

الوسوم: إضافة وسم

لا توجد وسوم, كن أول من يضع وسما على هذه التسجيلة!

رقم الطلب: (RA)HQ19 .A528

LEADER 00676nam a2200181Ia 4500
008 240329s9999||||xx |||||||||||||| ||und||
050 4 |a (RA)HQ19 .A528 
100 1 |a Dāʼūd ibn ʻUmar Anṭākī, Muḥammad Tūnjī. 
245 1 0 |a Tazyīn al-aswāq bi-tafṣīl ashwāq al-ʻushshāq  |c Dāʼūd ibn ʻUmar Anṭākī, Muḥammad Tūnjī 
264 1 |a Bayrūt :  |b Ālam al-Kutub,,  |c 1885. 
300 |a 2 volumes  |c 25 cm 
650 |a  Amour Ouvrages avant 1800 
650 |a Early works 
650 |a Love 
650 |a Love Early works to 1800 
700 1 |a taṣnīf Dāwūd al-Anṭākī al-Ḍarīr ; taḥqīq wa-sharḥ Muḥammad al-Tūnjī.. 
942 |2 lcc  |c BK 
999 |c 57654  |d 57654